Statistics for Geography A-Z #2

Click here to take the quiz!

General Stats

  • This quiz has been taken 24 times
  • The average score is 15 of 26

Answer Stats

QuestionHintAnswer% Correct
One of the fifty United States.DDelaware
100%
An active stratovolcano and also the highest peak in Japan.FFuji
100%
Together with the Tigris, one of the two largest rivers of Mesopotamia.EEuphrates
95%
The city has a long history and is a focal point for Judaism, Christianity and an important focal point for Islam.JJerusalem
91%
The largest city in the province is Montreal.QQuebec
91%
A huge statue of Helios, the Greek sun god, was built on this island.RRhodes
91%
This national park is the oldest national park in the world. On its territory there are famous geysers, hot springs, mud volcanoes, fumaroles and waterfalls.YYellowstone
91%
It is the tenth largest state by area, but with a population of less than 600,000 inhabitants, it ranks last in terms of population.WWyoming
86%
A city in the United States, the capital and largest city of the state of Indiana.IIndianapolis
82%
Opposite this city, on the other side of the river, is Kinshasa.BBrazzaville
77%
The metropolitan area of this city has more hotel rooms than any other city in the country, ahead of metropolises such as Los Angeles, Chicago and New York.OOrlando
77%
In February 2010, it hosted the Winter Olympics.VVancouver
77%
The highest peak of the Andes, South America and all of America.AAconcagua
59%
The deepest part of the site is the Granite Gorge, with the deepest point below the rim by 1,857 meters (6,093 feet).GGrand Canyon
50%
For centuries, the city was the center of intense trade between Black Africa and Berber and Islamic North Africa, and through it also with Europe. In the 14th century, it was the richest city in the world, with a university and rich book collections.TTimbuktu
50%
Croatia in Croatian.HHrvatska
45%
This city is home to the Silver Pagoda, a complex of temple buildings.PPhnom Penh
45%
The highest mountain peak in Germany.ZZugspitze
41%
The Mount Scenery volcano, which is the highest elevation of the Kingdom of the Netherlands, towers over the island.SSaba
36%
Ten Olympians come from this city: Lina Aristodimou, Alekhis Fotiadis, Pavlos Fotiadis, Theodoros Christodoulou, Khristos Kourtellas, Sofia Miaouli, Kyriakos Onisiforou, Khrysanthos Papakhrysanthou, Antonis Petris and Giannos Pipis.NNicosia
32%
The main river of the island is Golo.CCorsica
18%
It is considered the seat of St. Nicholas.LLapland
18%
Metropolitan city had a GDP per capita of $65,352, the highest of any region in South Korea.UUlsan
18%
Lake of tectonic origin on the border of the Democratic Republic of Congo and Rwanda. It belongs to the group of African Great Lakes.KKivu
14%
A river in northern Brazil, the right tributary of the Amazon, the fifth longest river in Brazil.XXingu
14%
Eight-thousanders, the fifth highest peak in the world.MMakalu
9%

Score Distribution

Percentile by Number Answered

Percent of People with Each Score

Your Score History

You have not taken this quiz